[Event "ROM-ch U14 Girls"]
[Site "Calimanesti Caciulata"]
[Date "2019.04.22"]
[Round "9"]
[White "Puia, Alexia Teodora"]
[Black "Iorga, Maria Irina"]
[Result "1-0"]
[WhiteElo "1665"]
[BlackElo "1313"]
[PlyCount "43"]
[EventDate "2019.04.15"]
[EventType "swiss"]
[EventRounds "9"]
[EventCountry "ROU"]
[SourceTitle "CBM 190 Extra"]
[Source "ChessBase"]
[SourceDate "2019.07.15"]
[SourceVersion "1"]
[SourceVersionDate "2019.07.15"]
[SourceQuality "1"]

1. d4 d5 2. Nf3 Nf6 3. Bf4 e6 4. e3 c5 5. c3 Nc6 6. Bd3 Bd6 7. Bg3 0-0 8. Nbd2 Re8 9. Ne5 Qc7 10. f4 c4 11. Bb1 Nd7 12. Bxh7+ Kf8 13. Bc2 Bxe5 14. fxe5 g6 15. 0-0 Kg7 16. Qf3 Nf8 17. Bh4 Nh7 18. Bf6+ Nxf6 19. exf6+ Kf8 20. Qh3 Kg8 21. Qh6 Ne7 22. Qg7# 1-0